000
00191 a2200097 4500
020
_a
9781551096629
041
_a
eng
100
_a
L.M.Montgomery
245
_a
Anne of Green Gables
942
_c
K
999
_c
31364
_d
31362